000 00643nam a2200181Ia 4500
008 100920s9999 xx 000 0 und d
082 _b94143
_a891.43 न 06
100 _aभाटिया सुदर्शन.
245 _aरोग और उनका घरेलु उपचार.
260 _bविभोर ,दिल्ली.
_c2006
300 _a2006
_bसाधी
365 _b150
520 _aहिंदी.
630 _aरोग और उनका घरेलु उपचार.
650 _aहिंदी.
730 _aरोग और उनका घरेलु उपचार.
942 _cBOOK
999 _c734586
_d734583